Statistics for Ambigram quiz

Click here to take the quiz!

General Stats

  • This quiz has been taken 12 times
  • The average score is 5 of 8

Answer Stats

HintAnswer% Correct
cut grassmow
100%
middaynoon
100%
peas in a ___pod
100%
big bright star in the sky, pluralsuns
75%
HELP!!!SOS
63%
propels though waterswims
50%
overtookpassed
38%
spoonful of somethingdollop
13%

Score Distribution

Percentile by Number Answered

Percent of People with Each Score

Your Score History

You have not taken this quiz